Coal in the Kruger Park : (Record no. 59733)
[ view plain ]
| 000 -LEADER | |
|---|---|
| fixed length control field | 00547cam3a220018100 4500 |
| 001 - CONTROL NUMBER | |
| control field | tmp16044106 |
| 003 - CONTROL NUMBER IDENTIFIER | |
| control field | UPRA |
| 005 - DATE AND TIME OF LATEST TRANSACTION | |
| control field | 20190815094519.0 |
| 008 - FIXED-LENGTH DATA ELEMENTS--GENERAL INFORMATION | |
| fixed length control field | 951129s1985 sa eng u |
| 035 ## - SYSTEM CONTROL NUMBER | |
| System control number | (Sirsi) r75488 |
| 035 ## - SYSTEM CONTROL NUMBER | |
| System control number | (UPRA)tmp16044106 |
| 040 ## - CATALOGING SOURCE | |
| Transcribing agency | UPRA |
| 100 1# - MAIN ENTRY--PERSONAL NAME | |
| Personal name | Spargo, P. E. |
| Linkage | A35891.1 |
| 245 10 - TITLE STATEMENT | |
| Title | Coal in the Kruger Park : |
| Remainder of title | a decision making case study / |
| Statement of responsibility, etc. | P.E. Spargo. |
| 260 ## - PUBLICATION, DISTRIBUTION, ETC. | |
| Place of publication, distribution, etc. | Capetown : |
| Name of publisher, distributor, etc. | Science Education Unit, University of Capetown, |
| Date of publication, distribution, etc. | 1985. |
| 949 ## - LOCAL PROCESSING INFORMATION (OCLC) | |
| a | (O2)1985/1 |
| w | lcc |
| m | MAIN |
| t | BOOK |
| l | ON-SHELF |
No items available.